Normal view
MARC view
- Stevens, Brian L. Lewis, Frank.L
Entry Personal Name
001 - CONTROL NUMBER
- control field: 55647
003 - CONTROL NUMBER IDENTIFIER
- control field: NUST
005 - DATE AND TIME OF LATEST TRANSACTION
- control field: 20210628201526.0
008 - FIXED-LENGTH DATA ELEMENTS
- fixed length control field: 210628|| aca||aabn | a|a d
040 ## - CATALOGING SOURCE
- Original cataloging agency: NUST
- Transcribing agency: NUST
100 ## - HEADING--PERSONAL NAME
- Personal name: Stevens, Brian L. Lewis, Frank.L
- Dates associated with a name: 1939-
670 ## - SOURCE DATA FOUND
- Source citation: Work cat.: (NUST): Stevens, Brian L. Lewis, Frank.L 1939-, Aircraft control and simulation /, c2003.
